| 000 | 00637nam a2200169 a 4500 | ||
|---|---|---|---|
| 008 | 070219s2006 ||||||||||||||||| || u | ||
| 050 | _aIBRD(08)PRWP/4010 | ||
| 100 | _aErsado, Lire | ||
| 245 | 1 | 0 | _aRural vulnerability in Serbia |
| 260 |
_aWashington, D. C. _bWorld Bank _c2006 |
||
| 300 | _a18p.;ill. | ||
| 350 | _a0.00 | ||
| 490 | _aWorld Bank policy research working papers | ||
| 650 | _aRESEARCH COLLABORATION | ||
| 650 | _aPOVERTY--RESEARCH--SERBIA | ||
| 995 |
_D0.00 _FCBU-MAIN LIBRARY (Kitwe) _H1 _I0.00 _M1 _UAVAILABLE _WFeb 19, 2007 _ZInternational Publications |
||
| 999 |
_c56849 _d56849 |
||